DIE APPLIKATION VON HORMONPRÄPARATEN BEI DER VORBEUGUNG VON EMBRYONALVERLUSTEN BEI SCHWEINEN

Bibliographic Details
Main Authors: Hájovský, T. (Author), Gamčík, Pavol, 1925-1996 (Author)
Format: Article
Language:German

MARC

LEADER 00000nab a2200000 a 4500
001 vtls011112387
003 SK-MaSNL
005 20260303125226.0
008 230218|1968 xo |||||||||||||||||ger|
015 |a SNBRB 
035 |a (uuid)d554528e-f38c-40e2-ade9-f5d4af42a850 
035 |a (urnnbn)urn:nbn:sk:snk:ar-a08g86 
035 |a urn:nbn:sk:snk-ab9isn 
040 |a SNKBUCL  |b slo  |c SNKBUCL  |e AACR2 
041 0 |a ger 
044 |a xo  |c SK 
100 1 |a Hájovský, T.  |4 aut  |9 1143337 
245 1 0 |a DIE APPLIKATION VON HORMONPRÄPARATEN BEI DER VORBEUGUNG VON EMBRYONALVERLUSTEN BEI SCHWEINEN  |c T. Hájovský, P. Gamčík 
700 1 |a Gamčík, Pavol,  |d 1925-1996  |4 aut  |9 39210 
773 0 |t Folia veterinaria  |g Roč. 12, č. 2 (1968), s. 213-214 
958 |a OND 
958 |a EUIPO 
958 |a article13 
999 |c 1933744  |d 1935674